00317nam a2200121Ia 4500003000400000005001700004008004100021020001900062040002600081100002200107245004800129260001800177OSt20240330112353.0170523s9999 xx 000 0 und d a978-9332551770 cIMT UNIVERSITY MEERUT aJordan- Edward C. 0aElectromagnetic Waves and Radiating Systems aPHI New Delhi